Celebrating Soil Discovering Soils and Landscapes /

true.

Bibliographic Details
Main Authors: Balks, M.R (Author), Zabowski, D. (Author)
Corporate Author: SpringerLink (Online service)
Format: Electronic eBook
Language:English
Published: Cham : Springer International Publishing : Imprint: Springer, 2016.
Subjects:
Online Access:Full Text via HEAL-Link
LEADER 01965nam a22005055i 4500
001 978-3-319-32684-9
003 DE-He213
005 20161019152701.0
007 cr nn 008mamaa
008 161019s2016 gw | s |||| 0|eng d
020 |a 9783319326849  |9 978-3-319-32684-9 
024 7 |a 10.1007/978-3-319-32684-9  |2 doi 
040 |d GrThAP 
050 4 |a QH541.5.S6 
050 4 |a S622-627 
072 7 |a RBGB  |2 bicssc 
072 7 |a NAT011000  |2 bisacsh 
072 7 |a TEC003060  |2 bisacsh 
082 0 4 |a 631.4  |2 23 
100 1 |a Balks, M.R.  |e author. 
245 1 0 |a Celebrating Soil  |h [electronic resource] :  |b Discovering Soils and Landscapes /  |c by M.R. Balks, D. Zabowski. 
264 1 |a Cham :  |b Springer International Publishing :  |b Imprint: Springer,  |c 2016. 
300 |a XI, 243 p. 338 illus., 232 illus. in color.  |b online resource. 
336 |a text  |b txt  |2 rdacontent 
337 |a computer  |b c  |2 rdamedia 
338 |a online resource  |b cr  |2 rdacarrier 
347 |a text file  |b PDF  |2 rda 
505 0 |a Soils in harmony with the environment -- Soils born of fire -- Soils born of water -- Soils of forests -- Soils of grasslands and rangelands -- Soils in extreme environments -- When the earth moves: Earthquakes, landslides and erosion -- Soils and humans -- Managing and caring for our soils -- Appendices. 
520 |a true. 
650 0 |a Environment. 
650 0 |a Geomorphology. 
650 0 |a Nature. 
650 0 |a Soil science. 
650 0 |a Soil conservation. 
650 1 4 |a Environment. 
650 2 4 |a Soil Science & Conservation. 
650 2 4 |a Popular Science in Nature and Environment. 
650 2 4 |a Geomorphology. 
700 1 |a Zabowski, D.  |e author. 
710 2 |a SpringerLink (Online service) 
773 0 |t Springer eBooks 
776 0 8 |i Printed edition:  |z 9783319326825 
856 4 0 |u http://dx.doi.org/10.1007/978-3-319-32684-9  |z Full Text via HEAL-Link 
912 |a ZDB-2-EES 
950 |a Earth and Environmental Science (Springer-11646)